[Event "IBCA-ol blind 13th"]
[Site "Heraklion"]
[Date "2008.10.23"]
[Round "5.2"]
[White "Samiakos, Thanasis"]
[Black "Managias, Alexios"]
[Result "0-1"]
[WhiteElo "1400"]
[BlackElo "1400"]
[PlyCount "68"]
[EventDate "2008.10.19"]
[EventType "team-swiss"]
[EventRounds "9"]
[EventCountry "GRE"]
[SourceTitle "EXT 2010"]
[Source "ChessBase"]
[SourceDate "2010.11.25"]
[SourceVersion "1"]
[SourceVersionDate "2010.11.25"]
[SourceQuality "1"]
[WhiteTeam "Greece (blind) III"]
[BlackTeam "Greece (blind) II"]
[WhiteTeamCountry "GRE"]
[BlackTeamCountry "GRE"]

1. d4 Nf6 2. c4 g6 3. Bg5 Bg7 4. Nc3 d6 5. Nf3 0-0 6. e3 c6 7. Bd3 Be6 8. Qc2 Nbd7 9. 0-0 Nb6 10. Na4 Nxa4 11. Qxa4 Qb6 12. Rab1 Bd7 13. Qc2 Qc7 14. Rfc1 Rfe8 15. c5 d5 16. Ne5 Ng4 17. Nxd7 Qxd7 18. h3 Nf6 19. b4 a6 20. a4 e5 21. b5 axb5 22. axb5 exd4 23. exd4 Nh5 24. Be3 f5 25. Be2 f4 26. Bxh5 fxe3 27. Bxg6 exf2+ 28. Kf1 hxg6 29. Qxg6 Qe6 30. Qd3 Qe4 31. Qxe4 Rxe4 32. bxc6 bxc6 33. Kxf2 Bxd4+ 34. Kf1 Rf8# 0-1

[Event "IBCA-ol blind 13th"]
[Site "Heraklion"]
[Date "2008.10.20"]
[Round "2.2"]
[White "Samiakos, Thanasis"]
[Black "Van Duuren, Louis"]
[Result "0-1"]
[WhiteElo "1400"]
[BlackElo "1400"]
[PlyCount "76"]
[EventDate "2008.10.19"]
[EventType "team-swiss"]
[EventRounds "9"]
[EventCountry "GRE"]
[SourceTitle "EXT 2010"]
[Source "ChessBase"]
[SourceDate "2010.11.25"]
[SourceVersion "1"]
[SourceVersionDate "2010.11.25"]
[SourceQuality "1"]
[WhiteTeam "Greece (blind) III"]
[BlackTeam "Netherlands (blind)"]
[WhiteTeamCountry "GRE"]
[BlackTeamCountry "NED"]

1. d4 Nf6 2. c4 e5 3. e3 Bb4+ 4. Bd2 Bxd2+ 5. Qxd2 exd4 6. exd4 0-0 7. Nf3 Ne4 8. Qd1 Re8 9. Be2 d5 10. 0-0 Be6 11. Qc2 Nc6 12. Nc3 Nxc3 13. Qxc3 Qf6 14. Rad1 Rad8 15. c5 Bf5 16. Bb5 Re6 17. Rfe1 Ne7 18. Rxe6 Bxe6 19. Ne5 c6 20. Bd3 Nf5 21. Bxf5 Bxf5 22. Qf3 Qe6 23. Re1 Re8 24. Qb3 f6 25. Qe3 fxe5 26. Qxe5 Qxe5 27. Rxe5 Rxe5 28. dxe5 Kf7 29. f4 Ke6 30. Kf2 d4 31. Ke2 Kd5 32. h3 Kxc5 33. g4 Be4 34. f5 Kd5 35. e6 Kd6 36. b3 a5 37. a3 b5 38. Kd2 g6 0-1